[Event "Cup PGMA (open)"]
[Site "masterchessopen.com Manila (Philippines)"]
[Date "2008.09.09"]
[Round "4"]
[White "Ballecer Dino (PHI)"]
[Black "Bagamasbad Efren (PHI)"]
[Result "1-0"]
[WhiteElo "2410"]
[BlackElo "2274"]

1.e4 c5 2.Nf3 g6 3.d4 cxd4 4.Nxd4 Nc6 5.c4 Nf6 6.Nc3 d6 7.Be2 Nxd4 8.Qxd4 Bg7
9.Bg5 O-O 10.O-O a5 11.Qd2 a4 12.Rad1 Qa5 13.Bxf6 exf6 14.Qxd6 Be6 15.Nd5 Rfd8
16.Qa3 Rd7 17.b4 Qd8 18.Qe3 Qf8 19.c5 a3 20.Bb5 Rdd8 21.Bc4 Re8 22.Qb3 Bxd5
23.exd5 f5 24.d6 Rec8 25.Rfe1 Bf6 26.Bd5 Ra7 27.d7 Rd8 28.Re8 Rxe8 29.Bxf7+
{#r} 1-0

[Event "Ch Region"]
[Site "masterchessopen.com Riazan (Russia)"]
[Round "0"]
[White "Ushakov Gennadiy (UKR)"]
[Black "Vasiliev Vladimir V (RUS)"]
[Result "1-0"]
[WhiteElo "2236"]
[BlackElo "2214"]

1.e4 c5 2.Nf3 Nc6 3.d4 cxd4 4.Nxd4 g6 5.c4 Nf6 6.Nc3 Nxd4 7.Qxd4 d6 8.Be2 Bg7
9.O-O O-O 10.Qd1 Be6 11.Be3 Qa5 12.Rc1 Rfc8 13.b3 b5 14.Nxb5 Nxe4 15.Bf3 f5
16.Bxe4 fxe4 17.Qe2 a6 18.Nd4 Bf7 19.Qg4 Qxa2 20.Qxe4 Re8 21.Ra1 Qb2 22.Rab1
Qa3 23.Ne6 Bxe6 24.Qxe6+ Kh8 25.b4 Qd3 26.b5 axb5 27.cxb5 Rab8 28.b6 Bd4
29.Rbd1 {#r} 1-0

[Event "World Mindsports Games (Blitz Pair)"]
[Site "masterchessopen.com Beijing (China)"]
[Date "2008.10.08"]
[Round "10"]
[White "Socko Monika (POL)"]
[Black "Fierro Baquero Martha L (ECU)"]
[Result "1-0"]
[WhiteElo "2434"]
[BlackElo "2361"]

1.e4 c5 2.Nf3 g6 3.c4 Nc6 4.d4 cxd4 5.Nxd4 Nf6 6.Nc3 Nxd4 7.Qxd4 d6 8.Be2 Bg7
9.Be3 O-O 10.Qd2 a5 11.O-O a4 12.f3 Qa5 13.Bd4 Be6 14.Qe3 Nd7 15.Kh1 Rfc8
16.Nd5 Bxd5 17.exd5 Bxd4 18.Qxd4 Qb6 19.Qd2 Rc7 20.f4 Nf6 21.Bd3 Qd4 22.Qe2 b5
23.cxb5 Qxd5 24.b6 Rb7 25.Rad1 Qc6 26.f5 Rxb6 27.Qxe7 Nd5 28.Qg5 Rf8 29.Be4
Rb5 30.fxg6 hxg6 31.Bxd5 {#r} 1-0

[Event "Ch Russia (students) (team)"]
[Site "masterchessopen.com Belgorod (Russia)"]
[Date "2008.10.10"]
[Round "6"]
[White "Pokusaev Vyacheslav (RUS)"]
[Black "Forova Tatiana (RUS)"]
[Result "1-0"]
[WhiteElo "2205"]
[BlackElo "1868"]

1.e4 c5 2.Nf3 Nc6 3.d4 cxd4 4.Nxd4 g6 5.c4 Nf6 6.Nc3 Nxd4 7.Qxd4 Bg7 8.Be2 O-O
9.O-O d6 10.Qd2 Be6 11.Rb1 Rc8 12.b3 Nd7 13.Bb2 Nc5 14.Kh1 f5 15.exf5 Bxf5
16.Rbd1 Qd7 17.b4 Na4 18.Nxa4 Qxa4 19.Bxg7 Kxg7 20.Qd4+ Rf6 21.f4 Be6 22.Bd3
Qd7 23.Rde1 Rc7 24.Re3 Kg8 25.Rfe1 Qc8 26.Rxe6 Rxe6 27.Qd5 Kf7 28.f5 gxf5
29.Bxf5 {#r} 1-0

[Event "World Mindsports Games (Active Team)"]
[Site "masterchessopen.com Beijing (China)"]
[Date "2008.10.14"]
[Round "1"]
[White "Chan Wei-Xuan Timothy (SIN)"]
[Black "Li Chao (CHN)"]
[Result "1-0"]
[WhiteElo "2264"]
[BlackElo "2622"]

1.e4 c5 2.Nf3 g6 3.d4 cxd4 4.Nxd4 Nc6 5.c4 Nf6 6.Nc3 d6 7.Be2 Nxd4 8.Qxd4 Bg7
9.Qd1 O-O 10.Be3 a5 11.O-O Be6 12.Rc1 a4 13.f3 Qa5 14.b3 axb3 15.axb3 Rfc8
16.Nb5 Nd7 17.f4 Nc5 18.Bf3 Bd7 19.Nd4 Qb4 20.e5 Ne6 21.exd6 exd6 22.Bd5 Nxd4
23.Bxd4 Bxd4+ 24.Qxd4 Bc6 25.Kh1 Bxd5 26.Qxd5 Re8 27.f5 g5 28.Qf3 Ra2 29.f6
Re6 30.Rcd1 Rd2 31.Ra1 Rde2 32.Qxe2 {#r} 1-0

[Event "World Mindsports Games (Active Team)"]
[Site "masterchessopen.com Beijing (China)"]
[Date "2008.10.14"]
[Round "2"]
[White "Lee Kiyul (KOR)"]
[Black "Greet Andrew (ENG)"]
[Result "0-1"]
[WhiteElo "1952"]
[BlackElo "2440"]

1.e4 c5 2.Nf3 g6 3.d4 cxd4 4.Nxd4 Nc6 5.c4 Nf6 6.Nc3 d6 7.Be2 Nxd4 8.Qxd4 Bg7
9.Be3 O-O 10.Qd2 Be6 11.Rc1 a5 12.O-O a4 13.f3 Nd7 14.Kh1 Qa5 15.Nd5 Rfe8
16.Rfd1 Kf8 17.Rc2 Rec8 18.Qxa5 Rxa5 19.Nb6 Nxb6 20.Bxb6 Ra6 21.c5 Rxb6 22.b4
axb3 23.axb3 Bxb3 24.cxd6 Bxc2 25.d7 {#R} 0-1

[Event "Olympiad"]
[Site "masterchessopen.com Dresden (Germany)"]
[Date "2008.11.15"]
[Round "3"]
[White "Ismagambetov Anuar (KAZ)"]
[Black "Mansour Sameer (JOR)"]
[Result "1-0"]
[WhiteElo "2527"]
[BlackElo "2285"]

1.e4 c5 2.Nf3 Nc6 3.d4 cxd4 4.Nxd4 g6 5.c4 Nf6 6.Nc3 Nxd4 7.Qxd4 d6 8.Bg5 Bg7
9.Be2 O-O 10.O-O Be6 11.Qd2 Qa5 12.Rac1 Rfc8 13.b3 b5 14.cxb5 Rxc3 15.Rxc3 Re8
16.Rc8 Qxd2 17.Rxe8+ Nxe8 18.Bxd2 {#r} 1-0

[Event "It (cat.4)"]
[Site "masterchessopen.com Sisak (Croatia)"]
[Date "2008.12.03"]
[Round "6"]
[White "Banas Jan (SVK)"]
[Black "Vuga Jovan (CRO)"]
[Result "1-0"]
[WhiteElo "2356"]
[BlackElo "2246"]

1.e4 c5 2.Nf3 Nc6 3.d4 cxd4 4.Nxd4 g6 5.c4 Nf6 6.Nc3 d6 7.Be2 Nxd4 8.Qxd4 Bg7
9.Bg5 O-O 10.Qd2 Be6 11.Rc1 a6 12.b3 Qa5 13.O-O Rfc8 14.f4 b5 15.f5 Bd7
16.fxg6 hxg6 17.e5 b4 18.exf6 bxc3 19.Rxc3 Rc5 20.b4 Qxb4 21.fxg7 Rxg5 22.Qxg5
Qxc3 23.Qd5 Qe3+ 24.Rf2 {#r} 1-0

[Event "It (open)"]
[Site "masterchessopen.com Torino (Italy)"]
[Date "2008.12.07"]
[Round "8"]
[White "Dgebuadze Alexandre (BEL)"]
[Black "Fierro Baquero Martha L (ECU)"]
[Result "1-0"]
[WhiteElo "2544"]
[BlackElo "2361"]

1.e4 c5 2.Nf3 Nc6 3.d4 cxd4 4.Nxd4 g6 5.c4 Nf6 6.Nc3 Nxd4 7.Qxd4 d6 8.Bg5 Bg7
9.Be2 Be6 10.Rc1 O-O 11.Qd2 Qa5 12.O-O Rfc8 13.b3 a6 14.f4 b5 15.f5 b4 16.fxe6
bxc3 17.exf7+ Kh8 18.Qe3 Rf8 19.Bf3 Rac8 20.e5 dxe5 21.Qxc3 Qxc3 22.Rxc3 e4
23.Be2 Rxf7 24.Rcc1 Rff8 25.Be3 Rfd8 26.Rfd1 Rd6 27.h3 Nd7 28.c5 Rxd1+ 29.Rxd1
Rc7 30.Bxa6 Bc3 31.c6 {#r} 1-0

[Event "It (open)"]
[Site "masterchessopen.com Zurich (Switzerland)"]
[Date "2008.12.26"]
[Round "1"]
[White "Pelletier Yannick (SUI)"]
[Black "Jenal Juerg (SUI)"]
[Result "1-0"]
[WhiteElo "2557"]
[BlackElo "2161"]

1.Nf3 c5 2.c4 Nc6 3.d4 cxd4 4.Nxd4 g6 5.e4 Nf6 6.Nc3 Nxd4 7.Qxd4 d6 8.Bg5 Bg7
9.Qd2 O-O 10.Bd3 Be6 11.O-O Rc8 12.b3 a6 13.Rac1 Nd7 14.Rfe1 Re8 15.Nd5 Bxd5
16.exd5 Ne5 17.Bf1 Qb6 18.h3 e6 19.Rcd1 exd5 20.Qxd5 Qb4 21.Re2 Re6 22.f4 Rc5
23.Qd2 Qxd2 24.Rdxd2 Nc6 25.Rxe6 fxe6 26.Rxd6 Bd4+ 27.Kh1 e5 28.g3 exf4
29.gxf4 Rf5 30.Bg2 Bc5 31.Rd7 {#r} 1-0

[Event "It (cat.1) (b)"]
[Site "masterchessopen.com Marianske Lazne (Czech Republic)"]
[Date "2009.01.23"]
[Round "8"]
[White "Johansson Anders (SWE)"]
[Black "Plischki Sebastian (GER)"]
[Result "0-1"]
[WhiteElo "2047"]
[BlackElo "2368"]

1.Nf3 c5 2.c4 Nc6 3.d4 cxd4 4.Nxd4 g6 5.e4 Nf6 6.Nc3 d6 7.Be2 Nxd4 8.Qxd4 Bg7
9.c5 O-O 10.cxd6 Ne8 11.Qd5 Nxd6 12.O-O Be6 13.Qg5 Rc8 14.Rd1 Qc7 15.Bf4 Bxc3
16.bxc3 Nxe4 17.Qh4 Nd6 18.Rab1 Rfd8 19.Rb5 f6 20.Rd3 Qc6 21.Rh5 Nf5 {#R} 0-1

[Event "Ch City"]
[Site "masterchessopen.com Belgrade (Serbia)"]
[Date "2009.01.26"]
[Round "3"]
[White "Nenezic Marko (SRB)"]
[Black "Dimitrijevic Radmilo (SRB)"]
[Result "1-0"]
[WhiteElo "2090"]
[BlackElo "2228"]

1.e4 c5 2.Nf3 Nc6 3.d4 cxd4 4.Nxd4 g6 5.c4 Nf6 6.Nc3 d6 7.Be2 Nxd4 8.Qxd4 Bg7
9.Be3 O-O 10.Qd2 Be6 11.O-O Qa5 12.Rac1 Rfc8 13.b3 Nd7 14.f4 Nc5 15.Bf3 b5
16.f5 Bd7 17.e5 Rab8 18.f6 exf6 19.exf6 Bf8 20.Bh6 Ne6 21.Bxf8 Rxf8 22.Bd5
Qb6+ 23.Kh1 Bc6 24.Qh6 Rb7 25.Ne4 {#r} 1-0

[Event "Ch France (team) (nat.1) 2008/09"]
[Site "masterchessopen.com France"]
[Date "2009.02.08"]
[Round "7"]
[White "Collas Silvia (FRA)"]
[Black "Pujos Stephane (FRA)"]
[Result "1-0"]
[WhiteElo "2315"]
[BlackElo "2301"]

1.c4 c5 2.Nf3 g6 3.d4 cxd4 4.Nxd4 Nc6 5.e4 Nf6 6.Nc3 d6 7.Be2 Nxd4 8.Qxd4 Bg7
9.Bg5 O-O 10.Qd2 Be6 11.Rc1 Qa5 12.f3 Rfc8 13.b3 a6 14.Na4 Qxd2+ 15.Kxd2 Nd7
16.g4 f6 17.Be3 f5 18.gxf5 gxf5 19.Rhg1 Kh8 20.Bd3 Rf8 21.Rxg7 Kxg7 22.Rg1+
Kh8 23.Bd4+ Nf6 24.exf5 Bd7 25.Nb6 Rad8 26.Nd5 Bc6 27.Nxe7 Rf7 {#r} 1-0

[Event "It (open) (b)"]
[Site "masterchessopen.com Zagreb (Croatia)"]
[Date "2009.03.28"]
[Round "8"]
[White "Tisljar Stjepan (CRO)"]
[Black "Vuga Jovan (CRO)"]
[Result "0-1"]
[WhiteElo "2090"]
[BlackElo "2156"]

1.e4 c5 2.c4 Nc6 3.Ne2 g6 4.d4 cxd4 5.Nxd4 Nf6 6.Nc3 Nxd4 7.Qxd4 d6 8.Be2 Bg7
9.Qd3 O-O 10.f3 Be6 11.Be3 Qa5 12.Bd4 Rfc8 13.b3 b5 14.cxb5 Bxb3 15.Rc1 Bc4
16.Qd2 Bxe2 17.Kxe2 Rc4 18.Rhd1 e6 19.a4 Rac8 20.Bxf6 Bxf6 21.Nb1 Qxa4 22.Rxc4
Rxc4 23.Qxd6 Qxb5 24.Na3 Rxe4+ 25.Kf2 Qe2+ 26.Kg3 Be5+ {#R} 0-1

[Event "It (open)"]
[Site "masterchessopen.com Sydney (Australia)"]
[Date "2009.04.17"]
[Round "6"]
[White "Smirnov Artem (RUS)"]
[Black "Forster William (NZL)"]
[Result "1-0"]
[WhiteElo "2441"]
[BlackElo "1955"]

1.e4 c5 2.Nf3 Nc6 3.d4 cxd4 4.Nxd4 g6 5.c4 Nf6 6.Nc3 d6 7.Be2 Nxd4 8.Qxd4 Bg7
9.Be3 O-O 10.Qd1 Be6 11.O-O Qa5 12.f3 Rfc8 13.Qb3 a6 14.Nd5 Bxd5 15.cxd5 b5
16.Rac1 Nd7 17.h3 Qa4 18.Qxa4 bxa4 19.b3 axb3 20.axb3 f5 21.Rxc8+ Rxc8 22.Bxa6
fxe4 23.Bxc8 {#r} 1-0

[Event "Ch City"]
[Site "masterchessopen.com Novokuznetsk (Russia)"]
[Date "2009.05.02"]
[Round "6"]
[White "Susliakov Dmitriy (RUS)"]
[Black "Shirjaev Alexandr (RUS)"]
[Result "1-0"]
[WhiteElo "2219"]
[BlackElo "2306"]

1.e4 c5 2.Nf3 Nc6 3.d4 cxd4 4.Nxd4 g6 5.c4 Nf6 6.Nc3 d6 7.Be2 Nxd4 8.Qxd4 Bg7
9.Qd1 O-O 10.Be3 Be6 11.Rc1 Qa5 12.O-O Rfc8 13.b3 a6 14.f4 b5 15.f5 Bd7
16.fxg6 hxg6 17.e5 dxe5 18.Rxf6 exf6 19.Qxd7 f5 20.Bg5 Qb6+ 21.Kh1 Re8 22.cxb5
Qd4 23.Nd5 axb5 24.Bxb5 Qb2 25.Rc7 Rf8 26.Ne7+ Kh7 27.Qd3 Bf6 28.Qh3+ {#r} 1-0

[Event "Ch City"]
[Site "masterchessopen.com Novokuznetsk (Russia)"]
[Date "2009.05.06"]
[Round "10"]
[White "Epifantsev Igor (RUS)"]
[Black "Shirjaev Alexandr (RUS)"]
[Result "1-0"]
[WhiteElo "2233"]
[BlackElo "2306"]

1.e4 c5 2.Nf3 Nc6 3.d4 cxd4 4.Nxd4 g6 5.c4 Nf6 6.Nc3 d6 7.Be2 Nxd4 8.Qxd4 Bg7
9.Be3 O-O 10.Qd2 a5 11.O-O a4 12.Rad1 Qa5 13.Bd4 Be6 14.f4 Rfc8 15.b3 axb3
16.axb3 Qb4 17.f5 Bd7 18.Bxf6 Bxf6 19.Nd5 Qxb3 20.fxg6 Ra2 21.Qh6 fxg6 22.Rxf6
exf6 23.Ne7+ Kf7 24.Qxh7+ Ke8 25.Nd5 {#r} 1-0

[Event "Cup Slovenia (team)"]
[Site "masterchessopen.com Otocec (Slovenia)"]
[Date "2009.05.23"]
[Round "2"]
[White "Povse Martin (SLO)"]
[Black "Mikac Matjaz (SLO)"]
[Result "0-1"]
[WhiteElo "2114"]
[BlackElo "2384"]

1.e4 c5 2.Nf3 Nc6 3.d4 cxd4 4.Nxd4 g6 5.c4 Nf6 6.Nc3 d6 7.Be2 Nxd4 8.Qxd4 Bg7
9.Be3 O-O 10.Qd2 a5 11.O-O a4 12.Rac1 Qa5 13.Rfd1 Be6 14.f3 Rfc8 15.Nb5 Nd7
16.Rc2 Qxd2 17.Rdxd2 Ne5 18.c5 dxc5 19.Bxc5 Kf8 20.Be3 Rxc2 21.Rxc2 Bxa2
22.Rc7 Nc6 {#R} 0-1

[Event "It (open)"]
[Site "masterchessopen.com Bhubaneswar (India)"]
[Date "2009.06.09"]
[Round "4"]
[White "Lalith Babu M R (IND)"]
[Black "Sahu Sekhar Chandra (IND)"]
[Result "1-0"]
[WhiteElo "2472"]
[BlackElo "2267"]

1.Nf3 c5 2.c4 Nc6 3.d4 cxd4 4.Nxd4 g6 5.e4 Nf6 6.Nc3 Nxd4 7.Qxd4 d6 8.Bg5 Bg7
9.Be2 O-O 10.Qd2 Be6 11.Rd1 Qa5 12.O-O Rfc8 13.b3 a6 14.f4 Qc5+ 15.Kh1 b5
16.f5 Bd7 17.Bxf6 Bxf6 18.Nd5 bxc4 19.fxg6 hxg6 20.Rxf6 c3 21.Qh6 Qxd5
22.Rxg6+ {#r} 1-0

[Event "It (open)"]
[Site "masterchessopen.com Albena (Bulgaria)"]
[Date "2009.06.27"]
[Round "8"]
[White "Nikolov Momchil (BUL)"]
[Black "Videnova Iva (BUL)"]
[Result "1-0"]
[WhiteElo "2517"]
[BlackElo "2197"]

1.Nf3 c5 2.c4 g6 3.d4 cxd4 4.Nxd4 Nc6 5.e4 Nf6 6.Nc3 Nxd4 7.Qxd4 d6 8.Bg5 Bg7
9.Qd2 O-O 10.f3 Qa5 11.Rc1 Be6 12.Nd5 Qxa2 13.Nxe7+ Kh8 14.Be2 Rfe8 15.Nd5
Bxd5 16.cxd5 Rec8 17.O-O Nd7 18.Be3 Qxb2 19.Qxb2 Bxb2 20.Rxc8+ Rxc8 21.Rb1 Ba3
22.Rxb7 Bc5 23.Kf2 Bxe3+ 24.Kxe3 Nc5 25.Rxf7 a5 26.Ra7 Nb3 27.Bd1 Rc3+ 28.Kf4
Nd4 29.Kg5 Rd3 30.Kf6 {#r} 1-0

[Event "It (open)"]
[Site "masterchessopen.com Val Thorens (France)"]
[Round "7"]
[White "Jaulin Marc (FRA)"]
[Black "Nanu Ciprian-Costica (ROM)"]
[Result "0-1"]
[WhiteElo "2141"]
[BlackElo "2535"]

1.e4 c5 2.Nf3 Nc6 3.d4 cxd4 4.Nxd4 g6 5.c4 Nf6 6.Nc3 Nxd4 7.Qxd4 d6 8.Bg5 Bg7
9.Qd2 Be6 10.Bd3 h6 11.Be3 Ng4 12.Bf4 g5 13.Bg3 Qa5 14.Rc1 Rc8 15.b3 h5 16.h4
gxh4 17.Rxh4 Bh6 18.f4 Rg8 19.Nd5 Qxd2+ 20.Kxd2 Ne5 21.Bh2 Rxg2+ 22.Kc3 Nf3
23.Rxh5 Rxh2 24.Rxh2 Nxh2 25.Rh1 Ng4 26.Be2 Bg7+ {#R} 0-1

[Event "It (open)"]
[Site "masterchessopen.com Brno (Czech Republic)"]
[Date "2009.07.04"]
[Round "8"]
[White "Kukla Tomas (SVK)"]
[Black "Strnad Radek (CZE)"]
[Result "1-0"]
[WhiteElo "1850"]
[BlackElo "1715"]

1.e4 c5 2.Nf3 Nc6 3.d4 cxd4 4.Nxd4 g6 5.c4 Nf6 6.Nc3 Nxd4 7.Qxd4 Bg7 8.e5 Ng8
9.Bf4 d6 10.Qe3 dxe5 11.Bxe5 Nf6 12.Be2 O-O 13.O-O Ng4 14.Bxg4 Bxe5 15.Qxe5
Bxg4 16.Nd5 Be6 17.Nc7 Rc8 18.Nxe6 fxe6 19.Qxe6+ Rf7 20.Rad1 Qc7 21.Rd7 Qxc4
22.Rd8+ Kg7 23.Qxc8 {#r} 1-0

[Event "Ch Greece (team)"]
[Site "masterchessopen.com Kallithea (Greece)"]
[Date "2009.07.08"]
[Round "8"]
[White "Hristodoulou Panagiotis (GRE)"]
[Black "Koutroukis Andreas (GRE)"]
[Result "1-0"]
[WhiteElo "2125"]
[BlackElo "1841"]

1.e4 c5 2.Nf3 Nc6 3.d4 cxd4 4.Nxd4 g6 5.c4 Nf6 6.Nc3 Nxd4 7.Qxd4 d6 8.Bg5 Bg7
9.Qd2 O-O 10.Bd3 Qa5 11.O-O Kh8 12.f4 Bd7 13.Rae1 Ng8 14.a3 Bd4+ 15.Kh1 f6
16.Bh4 e5 17.Bf2 Bxf2 18.Rxf2 Ne7 19.Ref1 Kg7 20.Bb1 Qb6 21.b4 Rad8 22.fxe5
fxe5 23.c5 dxc5 24.Rxf8 Rxf8 25.Rxf8 Kxf8 26.Qxd7 cxb4 27.Qxe7+ Kxe7 28.Nd5+
Kd6 29.Nxb6 axb6 30.axb4 Kc6 31.Bd3 {#r} 1-0

[Event "Memorial T.Gniot (open)"]
[Site "masterchessopen.com Police (Poland)"]
[Date "2009.07.11"]
[Round "5"]
[White "Cyborowski Lukasz (POL)"]
[Black "Malisauskas Vidmantas (LTU)"]
[Result "1-0"]
[WhiteElo "2498"]
[BlackElo "2489"]

1.Nf3 c5 2.c4 g6 3.d4 cxd4 4.Nxd4 Nc6 5.e4 Nf6 6.Nc3 d6 7.Be2 Nxd4 8.Qxd4 Bg7
9.Be3 O-O 10.Qd2 Qa5 11.f3 Be6 12.Rc1 Rfc8 13.b3 a6 14.Na4 Qxd2+ 15.Kxd2 Nd7
16.g4 Rcb8 17.Nc3 Bxc3+ 18.Kxc3 b5 19.cxb5 axb5 20.Kb2 Ra5 21.Rc7 h5 22.gxh5
Rba8 23.Ra1 Bxb3 24.Kxb3 Ra3+ 25.Kc2 {#r} 1-0

[Event "Ch Colombia (under 26)"]
[Site "masterchessopen.com Bogota (Colombia)"]
[Date "2009.07.16"]
[Round "2"]
[White "Herrera Milena (COL)"]
[Black "Tapia Daniel (COL)"]
[Result "0-1"]
[WhiteElo "2118"]
[BlackElo "2305"]

1.e4 c5 2.Nf3 g6 3.d4 cxd4 4.Nxd4 Nc6 5.c4 Nf6 6.Nc3 d6 7.Be2 Nxd4 8.Qxd4 Bg7
9.Be3 O-O 10.Qd2 a5 11.c5 a4 12.Rd1 a3 13.e5 Ng4 14.cxd6 Nxe3 15.Qxe3 axb2
16.O-O exd6 17.Rxd6 Qa5 18.f4 Be6 19.Rb6 Rfc8 20.Ne4 Qxa2 21.Bd3 Bf5 22.Nf6+
Bxf6 23.Bxf5 Bd8 24.Bxc8 Qa7 25.Rb3 Qxe3+ 26.Rxe3 Bb6 27.Kf2 Ra1 {#R} 0-1

[Event "Memorial Karl Mala (open)"]
[Site "masterchessopen.com Frankfurt (Germany)"]
[Date "2009.07.16"]
[Round "1"]
[White "Rafiee Kayvan (GER)"]
[Black "Schenk Felix"]
[Result "1-0"]
[WhiteElo "1959"]
[BlackElo "1384"]

1.e4 c5 2.Nf3 Nc6 3.d4 cxd4 4.Nxd4 g6 5.c4 Nf6 6.Nc3 d6 7.Be2 Nxd4 8.Qxd4 Bg7
9.Be3 O-O 10.Qd2 Qa5 11.O-O Be6 12.f3 a6 13.Nd5 Qxd2 14.Nxe7+ Kh8 15.Bxd2 Nd7
16.Rab1 Ne5 17.Nd5 Rac8 18.Rfc1 Bxd5 19.cxd5 b5 20.b3 Nd7 21.Rc6 Rxc6 22.dxc6
Bd4+ 23.Kf1 Ne5 24.c7 Bb6 25.Rc1 Rc8 26.f4 Nd7 27.Bg4 f5 28.exf5 Rxc7 29.Rxc7
Bxc7 30.Bc3+ Kg8 31.fxg6 Nf8 32.g7 {#r} 1-0

[Event "It (open)"]
[Site "masterchessopen.com Senta (Serbia)"]
[Date "2009.07.22"]
[Round "6"]
[White "Nestorovic D Nikola (SRB)"]
[Black "Zivkovic Sava (SRB)"]
[Result "1-0"]
[WhiteElo "2410"]
[BlackElo "2268"]

1.e4 c5 2.Nf3 Nc6 3.d4 cxd4 4.Nxd4 g6 5.c4 Nf6 6.Nc3 d6 7.Be2 Nxd4 8.Qxd4 Bg7
9.Be3 O-O 10.Qd2 Be6 11.O-O Qa5 12.Rac1 Rfc8 13.b3 a6 14.Bf3 Rab8 15.Ba7 Ra8
16.Bd4 Nd7 17.Bxg7 Kxg7 18.e5 Nc5 19.exd6 Rd8 20.Qb2 Nd3 21.Qa1 Nxc1 22.Ne4+
Kh6 23.Qxc1+ g5 24.dxe7 Rd7 25.c5 f6 26.Qb2 {#r} 1-0

[Event "It (open)"]
[Site "masterchessopen.com Oklahoma City (USA)"]
[Date "2009.07.25"]
[Round "1"]
[White "Coleman Maxx W (USA)"]
[Black "Whitcomb Bran (USA)"]
[Result "1-0"]
[WhiteElo "2212"]
[BlackElo "2023"]

1.e4 c5 2.Nf3 g6 3.d4 cxd4 4.Nxd4 Nc6 5.c4 Nf6 6.Nc3 d6 7.Be2 Nxd4 8.Qxd4 Bg7
9.O-O O-O 10.Qd2 Be6 11.f3 Qa5 12.Kh1 Rfc8 13.b3 Nd7 14.Bb2 b5 15.f4 Nc5 16.f5
Bd7 17.Qe3 Bc6 18.fxg6 hxg6 19.cxb5 Bxe4 20.Nxe4 Bxb2 21.Bc4 Rf8 22.Rab1 Qxa2
23.Nxc5 dxc5 24.Qe2 {#r} 1-0

[Event "It (open)"]
[Site "masterchessopen.com Stare Mesto (Czech Republic)"]
[Date "2009.08.17"]
[Round "5"]
[White "Banas Jan (SVK)"]
[Black "Drozdowski Kacper (POL)"]
[Result "0-1"]
[WhiteElo "2366"]
[BlackElo "2105"]

1.c4 c5 2.Nf3 Nc6 3.d4 cxd4 4.Nxd4 g6 5.e4 Nf6 6.Nc3 Nxd4 7.Qxd4 d6 8.Be2 Bg7
9.Bg5 O-O 10.Qd2 Be6 11.Rc1 a5 12.b3 Nd7 13.O-O Nc5 14.Bh6 Bxh6 15.Qxh6 Qb6
16.Rb1 Rfc8 17.Rfe1 a4 18.Qe3 axb3 19.axb3 Qb4 20.Bd1 Ra3 21.Nb5 Ra2 22.Nc3
Ra5 23.f4 Ra3 24.Nb5 Ra5 25.Nd4 Bxc4 26.bxc4 Qxb1 27.Bg4 Qb2 28.Bxc8 Ra3
29.Re2 Rxe3 30.Rxb2 Re1+ {#R} 0-1

[Event "It (open)"]
[Site "masterchessopen.com Romania"]
[Date "2009.09.07"]
[Round "4"]
[White "Manea Alexandru (ROM)"]
[Black "Valeanu Eduard-Andrei (ROM)"]
[Result "0-1"]
[WhiteElo "2382"]
[BlackElo "2457"]

1.e4 c5 2.Nf3 Nc6 3.d4 cxd4 4.Nxd4 g6 5.c4 Nf6 6.Nc3 d6 7.Be2 Nxd4 8.Qxd4 Bg7
9.Be3 O-O 10.Qd2 a5 11.O-O a4 12.Rab1 Be6 13.Rfc1 Qa5 14.b4 axb3 15.axb3 Qb4
16.Qc2 Rfc8 17.Na4 Nxe4 18.Bf3 Nc5 19.Bd2 Qa3 20.Nxc5 Rxc5 21.Bxb7 Rb8 22.Be4
d5 23.Bd3 Rcc8 24.c5 Bd7 25.b4 Ba4 26.Qc3 Bxc3 27.Rxc3 Qa2 28.Bc1 Bb5 {#R} 0-1

[Event "It (open)"]
[Site "masterchessopen.com Bad Wiessee (Germany)"]
[Date "2009.11.06"]
[Round "8"]
[White "Stolte Alexander (GER)"]
[Black "Deglmann Ludwig (GER)"]
[Result "0-1"]
[WhiteElo "2243"]
[BlackElo "2329"]

1.e4 c5 2.Nf3 Nc6 3.d4 cxd4 4.Nxd4 g6 5.c4 Nf6 6.Nc3 d6 7.Be2 Nxd4 8.Qxd4 Bg7
9.Be3 O-O 10.Qd2 a5 11.c5 a4 12.Rd1 Qa5 13.cxd6 exd6 14.O-O a3 15.b4 Qxb4
16.Rb1 Qa5 17.Rb5 Qd8 18.Rd1 Be6 19.f3 Rc8 20.Nb1 Rc6 21.Nxa3 Nd7 22.Bd4 Bxd4+
23.Qxd4 Qa8 24.Qb4 Ra6 25.Nc4 Rxa2 26.Kf1 Ra4 {#R} 0-1

[Event "Tournament"]
[Site "masterchessopen.com Pulawy (Poland)"]
[Date "2009.11.10"]
[Round "5"]
[White "Derus Jerzy"]
[Black "Kuzniarz Maciej"]
[Result "1-0"]
[WhiteElo "1877"]
[BlackElo "1449"]

1.e4 c5 2.Nf3 Nc6 3.d4 cxd4 4.Nxd4 g6 5.c4 Nf6 6.Nc3 d6 7.Be2 Nxd4 8.Qxd4 Bg7
9.Bg5 O-O 10.Qd2 a6 11.O-O Be6 12.f3 Qd7 13.Rac1 Rfc8 14.b3 Qc6 15.Nd5 Bxd5
16.exd5 Qd7 17.Bd3 Rc7 18.Rfe1 Rac8 19.Rcd1 Qe8 20.Qf4 Nxd5 21.cxd5 f6 22.Bh6
Rc5 23.Bxg7 Kxg7 24.Qe4 R8c7 25.f4 {#r} 1-0

[Event "Czech League 2009/10 (1st) West"]
[Site "masterchessopen.com Czech Republic"]
[Date "2009.11.15"]
[Round "3"]
[White "Cernousek Lukas (CZE)"]
[Black "Jirovsky Milos (CZE)"]
[Result "0-1"]
[WhiteElo "2431"]
[BlackElo "2482"]

1.e4 c5 2.Nf3 Nc6 3.d4 cxd4 4.Nxd4 g6 5.c4 Nf6 6.Nc3 Nxd4 7.Qxd4 d6 8.Be2 Bg7
9.Bg5 O-O 10.Qd2 Be6 11.Rc1 Qa5 12.O-O Rfc8 13.b3 a6 14.f4 Rc7 15.Kh1 Rac8
16.f5 Bd7 17.a3 Bc6 18.b4 Qxa3 19.Nb1 Qa4 20.Bd1 Nxe4 21.Bxa4 Nxd2 22.Bxc6
Nxf1 23.Bd5 h6 24.Rxf1 hxg5 25.fxg6 Bf6 26.gxf7+ Kg7 27.Nd2 b5 {#R} 0-1

[Event "Ch World (juniors) (under 16) (g)"]
[Site "masterchessopen.com Kemer (Turkey)"]
[Date "2009.11.16"]
[Round "6"]
[White "Abdullayeva Hayala (AZE)"]
[Black "Bauer Marie-Christine (AUT)"]
[Result "1-0"]
[WhiteElo "2113"]
[BlackElo "1910"]

1.e4 c5 2.Nf3 Nc6 3.d4 cxd4 4.Nxd4 g6 5.c4 Nf6 6.Be3 d6 7.Be2 Nxd4 8.Qxd4 Bg7
9.Nc3 O-O 10.Qd2 Be6 11.O-O a5 12.b3 Nd7 13.Rac1 Nc5 14.f3 Qb6 15.Rb1 Rfc8
16.Rfc1 Qb4 17.Rc2 f5 18.Qc1 fxe4 19.a3 Qb6 20.b4 a4 21.bxc5 Qc6 22.cxd6 exd6
{#r} 1-0

[Event "Ch World (juniors) (under 18) (g)"]
[Site "masterchessopen.com Kemer (Turkey)"]
[Date "2009.11.16"]
[Round "5"]
[White "Deur Zrinka (CRO)"]
[Black "Havlikova Kristyna (CZE)"]
[Result "0-1"]
[WhiteElo "2072"]
[BlackElo "2161"]

1.e4 c5 2.Nf3 Nc6 3.d4 cxd4 4.Nxd4 g6 5.c4 Nf6 6.Nc3 Nxd4 7.Qxd4 d6 8.Be2 Bg7
9.Be3 O-O 10.Qd2 a5 11.f3 a4 12.O-O Qa5 13.Rac1 Be6 14.Nd5 Qxd2 15.Nxe7+ Kh8
16.Bxd2 Rfe8 17.Nd5 Nxd5 18.cxd5 Bxd5 19.Bb5 Red8 20.Bc3 Bxa2 {#R} 0-1